Science and health : (Record no. 30805)

000 -LEADER
fixed length control field 00652nam a22001937a 4500
003 - CONTROL NUMBER IDENTIFIER
control field OSt
005 - DATE AND TIME OF LATEST TRANSACTION
control field 20201007144620.0
008 - FIXED-LENGTH DATA ELEMENTS--GENERAL INFORMATION
fixed length control field 201007b ||||| |||| 00| 0 eng d
020 ## - INTERNATIONAL STANDARD BOOK NUMBER
International Standard Book Number 9780879522599
050 ## - LIBRARY OF CONGRESS CALL NUMBER
Classification number BX6941
Item number .E33 2000
100 ## - MAIN ENTRY--PERSONAL NAME
Personal name Eddy, Mary Baker,
Dates associated with a name 1821-1910
245 ## - TITLE STATEMENT
Title Science and health :
Remainder of title with key to the Scriptures/
Statement of responsibility, etc. Mary Baker Eddy
260 ## - PUBLICATION, DISTRIBUTION, ETC. (IMPRINT)
Place of publication, distribution, etc. Boston, Mass. :
Name of publisher, distributor, etc. First Church of Christ, Scientist,
Date of publication, distribution, etc. ©1994.
300 ## - PHYSICAL DESCRIPTION
Extent xii, 700 p. ;
Dimensions 23 cm
500 ## - GENERAL NOTE
General note Include index
650 ## - SUBJECT ADDED ENTRY--TOPICAL TERM
Topical term or geographic name as entry element Christian Science
650 ## - SUBJECT ADDED ENTRY--TOPICAL TERM
Topical term or geographic name as entry element Health
General subdivision Religious aspects
Chronological subdivision Christian Science
942 ## - ADDED ENTRY ELEMENTS (KOHA)
Source of classification or shelving scheme
Koha item type Hard Covered Materials
Classification part BX6941 .E33 2000
Holdings
Withdrawn status Lost status Source of classification or shelving scheme Damaged status Not for loan Home library Current library Shelving location Date acquired Source of acquisition Cost, normal purchase price Total Checkouts Full call number Barcode Date last seen Price effective from Koha item type
          MACHAKOS UNIVERSITY LIBRARY MACHAKOS UNIVERSITY LIBRARY Open shelf 07/10/2020 Co-operate campus 2233.00   BX6941 .E33 2000 23433 21/10/2020 07/10/2020 Hard Covered Materials
© Machakos University Library, Along The Highway, Machakos Wote Rd, Machakos, Kenya P.O. Box 136 - 90100 Machakos - Kenya

Tel: ( +254 ) 723 805829 OR Fax : 044-20353 OR Email: library@mksu.ac.ke